00887nam a2200241 i 450000100060000000300090000600500170001500700030003200800410003510000220007624501190009825000200021726000550023730000270029249000430031970000240036274000300038674000170041683000510043385200220048499900170050695201220052379892ES-MaACL20230906174056.0t|041025s1928 fr ||||1| fre d1 aHesíodo.96345114aThéogonie b: ; Les travaux et les jours ; Le bouclier / cHésiode ; texte établi et traduit par Paul Mazon. aEd. bilingüe. aParis : bLes Belles Lettres, c1928 (fVaugirard) aXXX, 158 p. ; c21 cm.1 aCollection des Universités de France1 aMazon, Paul.9794874 aLes travaux et les jours.3 aLe bouclier.0 aCollection des Universités de France9180876 aES-MaACLjC-56149 c79892d79892 00104070aATENEOMbATENEOMcDEPO2d2008-01-17eSCl0oC-56149p1083537r2023-02-23 00:00:00w2023-02-23yMONOGRAFIA